000 00313nam a22001337a 4500
003 SGT
082 _a617.632
_bO20N
100 _aNAGPAL, MONIKA
245 _aORAL SEDATION AND ORAL SEDATIVE AGENTS IN PEDIATRIC DENTISTRY
260 _aSGTU
_c2020
300 _a107
650 _aPEDODONTICS
942 _2ddc
_cTH
999 _c21113
_d21113